000 00558nam a2200157 i 4500
001 142313
003 ES-MaACL
005 20230906200507.0
007 t|
008 071004s1921 sp ||||1| spa d
100 1 _aVilla y Sanz, Isidoro de la.
_9114898
245 1 0 _aDiscurso leído en la Universidad de Valladolid en la solemne inauguración del curso académico de 1921 á 1922
_b: [Tema: Higiene industrial] /
_cpor Isidoro de la Villa y Sanz.
260 _aValladolid :
_bCuesta,
_c[1921]
300 _a113 p. ;
_c25 cm.
852 _aES-MaACL
_jF-1478
999 _c142313
_d142313